Unscramble the Countries! - Statistics

General Stats
  • This quiz has been taken 257 times
    155 since last reset
  • The average score is 12 of 16
Answer Stats
Hint Answer % Correct
jifi Fiji
98%
osla Laos
94%
zenuelvae Venezuela
94%
yltia Italy
93%
hniac China
92%
pjana Japan
92%
icxmoe Mexico
81%
ris knaal Sri lanka
81%
ywaorn Norway
73%
rgantnaie Argentina
70%
biotiudj Djibouti
65%
irenama Armenia
63%
tuprolga Portugal
58%
delrina Ireland
56%
uasiatr Austria
55%
runkeia Ukraine
55%
No matching quizzes found
Score Distribution
Percent of People with Each Score
Percentile by Number Answered
Your Score History
You have not taken this quiz since the last reset